[Event "World Corporate West B"]
[Site "Chess.com INT"]
[Date "2021.02.21"]
[Round "4.2"]
[White "Matlin, Anna"]
[Black "Shashaank, DS."]
[Result "1-0"]
[WhiteElo "2062"]
[BlackElo "2055"]
[PlyCount "107"]
[EventDate "2021.02.20"]
[EventType "team (rapid)"]
[EventRounds "7"]
[EventCountry "USA"]
[SourceTitle "CBM 200 Extra"]
[Source "ChessBase"]
[SourceDate "2021.03.31"]
[SourceVersion "1"]
[SourceVersionDate "2021.03.31"]
[SourceQuality "1"]
[WhiteTeam "Airbnb California"]
[BlackTeam "Amazon US West"]
[WhiteTeamCountry "USA"]
[BlackTeamCountry "USA"]

1. d4 Nf6 2. c4 e6 3. Nc3 Bb4 4. f3 d5 5. a3 Bxc3+ 6. bxc3 0-0 7. cxd5 exd5 8. e3 Bf5 9. Bd3 Qd7 10. Ne2 Re8 11. g4 Bxd3 12. Qxd3 c5 13. h4 Nc6 14. Kf2 Na5 15. Rb1 c4 16. Qc2 Nb3 17. Ng3 Qe6 18. h5 g6 19. hxg6 fxg6 20. g5 Nd7 21. e4 Rf8 22. Kg2 Rf7 23. Be3 Raf8 24. Rbf1 dxe4 25. fxe4 Qg4 26. Rxf7 Rxf7 27. Qe2 Qxe2+ 28. Nxe2 Re7 29. e5 Na5 30. Nf4 Nc6 31. Nd5 Re8 32. Nf6+ Nxf6 33. gxf6 h5 34. Kf3 Kf7 35. Ke4 b6 36. Bf4 Nb8 37. d5 Nd7 38. Kd4 Nc5 39. Bg3 Nb3+ 40. Kxc4 Nd2+ 41. Kd3 Nf3 42. e6+ Kxf6 43. Rf1 Rd8 44. Rxf3+ Kg5 45. c4 Kg4 46. Re3 h4 47. Bc7 Rc8 48. e7 h3 49. e8Q Rxe8 50. Rxe8 Kf3 51. Rg8 g5 52. Rxg5 b5 53. Rh5 Kg2 54. cxb5 1-0

[Event "World Corporate West B"]
[Site "Chess.com INT"]
[Date "2021.02.21"]
[Round "6.1"]
[White "Shashaank, DS."]
[Black "Farid, Firman Syah"]
[Result "0-1"]
[WhiteElo "2055"]
[BlackElo "2405"]
[PlyCount "86"]
[EventDate "2021.02.20"]
[EventType "team (rapid)"]
[EventRounds "7"]
[EventCountry "USA"]
[SourceTitle "CBM 200 Extra"]
[Source "ChessBase"]
[SourceDate "2021.03.31"]
[SourceVersion "1"]
[SourceVersionDate "2021.03.31"]
[SourceQuality "1"]
[WhiteTeam "Amazon US West"]
[BlackTeam "PT Pelabuhan Tanjung Priok"]
[WhiteTeamCountry "USA"]
[BlackTeamCountry "INA"]

1. d4 Nf6 2. Nc3 d5 3. Bg5 c5 4. Bxf6 gxf6 5. Nf3 cxd4 6. Qxd4 e6 7. e4 Nc6 8. Bb5 Bd7 9. Bxc6 bxc6 10. exd5 cxd5 11. 0-0 Be7 12. Rfe1 0-0 13. Rad1 Bc6 14. Qg4+ Kh8 15. Qh5 f5 16. Ne5 Be8 17. Qh6 Rg8 18. f4 Qb6+ 19. Kh1 Qxb2 20. Rd3 f6 21. Rh3 Rg7 22. Nf3 Qxc3 23. Rxe6 Rb8 24. Rxe7 Bf7 25. Rg3 Rb1+ 26. Ng1 Rxg3 27. hxg3 Rxg1+ 28. Kxg1 Qc5+ 29. Kh2 Qxe7 30. g4 fxg4 31. f5 Qe5+ 32. Kg1 g3 33. Qf8+ Bg8 34. Kf1 Qxf5+ 35. Ke2 Qf2+ 36. Kd3 Qf4 37. c3 h5 38. Qd8 Kg7 39. Qe7+ Bf7 40. Qxa7 Qe4+ 41. Kd2 Qxg2+ 42. Kc1 Qf1+ 43. Kb2 Qf2+ 0-1

[Event "IND-chT 33rd"]
[Site "Hyderabad"]
[Date "2013.02.23"]
[Round "5.1"]
[White "Shashaank, DS."]
[Black "Sengupta, Deep"]
[Result "1/2-1/2"]
[WhiteElo "2118"]
[BlackElo "2549"]
[PlyCount "118"]
[EventDate "2013.02.20"]
[EventType "team-swiss"]
[EventRounds "9"]
[EventCountry "IND"]
[SourceTitle "CBM 153 Extra"]
[Source "ChessBase"]
[SourceDate "2013.04.22"]
[SourceVersion "1"]
[SourceVersionDate "2013.04.22"]
[SourceQuality "1"]
[WhiteTeam "Tamil Nadu II"]
[BlackTeam "PSPB"]
[WhiteTeamCountry "IND"]
[BlackTeamCountry "IND"]

1. d4 d5 2. Nc3 e6 3. e4 Bb4 4. e5 Ne7 5. Qg4 c5 6. a3 Bxc3+ 7. bxc3 Qc7 8. Qxg7 Rg8 9. Qxh7 cxd4 10. Ne2 Nbc6 11. f4 Bd7 12. Qd3 dxc3 13. Nxc3 a6 14. Rb1 Nf5 15. g4 Nh4 16. Be2 Na5 17. Qh7 0-0-0 18. Qxh4 Qxc3+ 19. Bd2 Qxa3 20. Qf2 Nc4 21. Qf3 Bc6 22. Qxa3 Nxa3 23. Rb2 d4 24. 0-0 Bb5 25. Rxb5 Nxb5 26. Kf2 Nc3 27. Bf3 Kb8 28. h4 a5 29. h5 a4 30. h6 a3 31. g5 a2 32. Ra1 Kc7 33. Bxc3 dxc3 34. Rxa2 Rd2+ 35. Ke3 Rh2 36. Ra7 Rb8 37. Be4 Kb6 38. Ra1 Rh3+ 39. Bf3 Rh2 40. Be4 Rh3+ 41. Bf3 Rh2 42. Be4 Rh3+ 43. Kf2 Rd8 44. Kg2 Re3 45. Bd3 Rexd3 46. cxd3 Kc5 47. f5 Kd5 48. g6 Kxe5 49. g7 Kf6 50. fxe6 Kg6 51. e7 Re8 52. d4 Kh7 53. Re1 c2 54. Rc1 Rxe7 55. Rxc2 Re8 56. Rc7 Kxh6 57. Rxf7 Rg8 58. Kf3 Rxg7 59. Rf8 Re7 1/2-1/2

[Event "IND-ch U15"]
[Site "New Delhi"]
[Date "2010.09.08"]
[Round "7"]
[White "Girish, A Koushnik"]
[Black "Shashaank, DS."]
[Result "1-0"]
[WhiteElo "2342"]
[BlackElo "2159"]
[PlyCount "105"]
[EventDate "2010.09.04"]
[EventType "swiss"]
[EventRounds "11"]
[EventCountry "IND"]
[SourceTitle "CBM 138 Extra"]
[Source "ChessBase"]
[SourceDate "2010.10.29"]
[SourceVersion "1"]
[SourceVersionDate "2010.10.29"]
[SourceQuality "1"]

1. d4 Nf6 2. Nf3 e6 3. c4 b6 4. g3 d5 5. Bg2 Bb7 6. 0-0 Be7 7. cxd5 exd5 8. Nc3 0-0 9. Bf4 Ne4 10. Rc1 Nxc3 11. bxc3 b5 12. Qb3 c6 13. e4 a6 14. Nd2 Bd6 15. Be3 Bc7 16. Rfe1 h6 17. Qb1 Qc8 18. f4 f5 19. exd5 cxd5 20. Qb3 Qd7 21. c4 Kh8 22. cxd5 Rd8 23. Rc2 Ba5 24. Rec1 Kh7 25. Nb1 Qd6 26. Bf2 Nd7 27. Qd3 g6 28. Qa3 Qxa3 29. Nxa3 Nf6 30. Re2 Re8 31. Re5 Kg8 32. d6 Bxg2 33. Kxg2 Bb4 34. Nb1 Bxd6 35. Rxe8+ Rxe8 36. Rc6 Ne4 37. d5 Ra8 38. Nc3 Nxc3 39. Rxc3 Kf7 40. Rc6 Ke7 41. Bd4 a5 42. Rb6 Rb8 43. Rxd6 Kxd6 44. Be5+ Kxd5 45. Bxb8 b4 46. Kf3 a4 47. Ke3 Kc4 48. Be5 h5 49. h4 Kd5 50. Kd3 Kc5 51. Bf6 a3 52. Be7+ Kb5 53. Kc2 1-0

[Event "IND-ch U20"]
[Site "Chennai"]
[Date "2009.09.27"]
[Round "10"]
[White "Shashaank, DS."]
[Black "Mehar, Chinna Reddy CH"]
[Result "1/2-1/2"]
[WhiteElo "2123"]
[BlackElo "2235"]
[PlyCount "103"]
[EventDate "2009.09.20"]
[EventType "swiss"]
[EventRounds "11"]
[EventCountry "IND"]
[SourceTitle "CBM 132 Extra"]
[Source "ChessBase"]
[SourceDate "2009.11.03"]
[SourceVersion "1"]
[SourceVersionDate "2009.11.03"]
[SourceQuality "1"]

1. d4 d5 2. Nc3 Nf6 3. Bg5 c5 4. dxc5 d4 5. Bxf6 gxf6 6. Ne4 Nc6 7. e3 Qa5+ 8. Qd2 dxe3 9. fxe3 Qxd2+ 10. Nxd2 Bh6 11. Kf2 Bf5 12. Bb5 0-0-0 13. Nf1 Bxc2 14. Nf3 Ne5 15. Nxe5 fxe5 16. Rc1 Bd3 17. Bxd3 Rxd3 18. h4 f5 19. Rc3 Rxc3 20. bxc3 Rd8 21. Ke2 Rg8 22. Kf2 Rg4 23. Nd2 Ra4 24. Ra1 Rxh4 25. Nf3 Re4 26. Re1 Kc7 27. Re2 e6 28. Nd2 Ra4 29. Nf3 Re4 30. Nd2 Rg4 31. Nf3 Bg7 32. Rd2 Rg6 33. Nh4 Rh6 34. Nf3 Bf6 35. Rd6 Rg6 36. Rd1 Rg7 37. Rd6 Re7 38. e4 f4 39. a4 b6 40. Nd2 Bh4+ 41. Kf1 Bg3 42. Nc4 bxc5 43. Ra6 Kb7 44. Rd6 h5 45. Na5+ Kc7 46. Ra6 Kc8 47. Rc6+ Kd8 48. Rd6+ Ke8 49. Ke2 h4 50. Kf3 Rd7 51. Rxd7 Kxd7 52. c4 1/2-1/2

[Event "Mumbai Mayors Cup 2nd"]
[Site "Mumbai"]
[Date "2009.05.08"]
[Round "9"]
[White "Saptarshi, Roy Chowdhury"]
[Black "Shashaank, DS."]
[Result "1-0"]
[WhiteElo "2396"]
[BlackElo "2095"]
[PlyCount "83"]
[EventDate "2009.05.01"]
[EventType "swiss"]
[EventRounds "11"]
[EventCountry "IND"]
[SourceTitle "CBM 130 Extra"]
[Source "ChessBase"]
[SourceDate "2009.07.02"]
[SourceVersion "2"]
[SourceVersionDate "2009.07.15"]
[SourceQuality "1"]

1. e4 e6 2. d4 d5 3. Nc3 Nf6 4. Bg5 Be7 5. Bxf6 Bxf6 6. Nf3 Be7 7. a3 c6 8. Bd3 Nd7 9. Qe2 dxe4 10. Nxe4 Nf6 11. Nxf6+ Bxf6 12. 0-0-0 Bd7 13. g4 b5 14. h4 Qa5 15. c3 Be7 16. Ne5 Qc7 17. Qf3 f6 18. Nxd7 Kxd7 19. d5 exd5 20. Bf5+ Ke8 21. Rhe1 g6 22. Be6 a5 23. Kb1 Ra7 24. g5 Rf8 25. Qe3 f5 26. Qd4 Kd8 27. a4 Rb7 28. axb5 Rxb5 29. c4 Rb7 30. Qd3 Rb6 31. cxd5 c5 32. d6 Bxd6 33. Qc3 a4 34. Ka1 a3 35. bxa3 c4 36. Re5 Rb3 37. Rxd6+ Qxd6 38. Qa5+ Rb6 39. Rd5 Ke7 40. Rxd6 Rxd6 41. Bxc4 Rc8 42. Qe5+ 1-0

[Event "New Delhi Parsvnath op 6th"]
[Site "New Delhi"]
[Date "2008.01.13"]
[Round "1"]
[White "Hossain, Enamul"]
[Black "Shashaank, DS."]
[Result "1-0"]
[WhiteElo "2522"]
[BlackElo "1931"]
[PlyCount "59"]
[EventDate "2008.01.13"]
[EventType "swiss"]
[EventRounds "10"]
[EventCountry "IND"]
[SourceTitle "CBM 122 Extra"]
[Source "ChessBase"]
[SourceDate "2008.03.04"]
[SourceVersion "1"]
[SourceVersionDate "2008.03.04"]
[SourceQuality "1"]

1. e4 c5 2. Nf3 Nf6 3. d3 d5 4. Nbd2 e6 5. g3 Nc6 6. Bg2 Be7 7. 0-0 0-0 8. Re1 Qc7 9. e5 Nd7 10. Qe2 b5 11. Nf1 Bb7 12. Bf4 Nd4 13. Nxd4 cxd4 14. Qg4 Kh8 15. Re2 Rfc8 16. h4 Qa5 17. Bg5 Bxg5 18. hxg5 Qa4 19. b3 Qb4 20. Nh2 Qc3 21. Rd1 Qb2 22. c4 dxc3 23. Rxb2 cxb2 24. Qf4 Rc2 25. Nf1 Rac8 26. Rb1 Kg8 27. Qd4 R8c3 28. Rxb2 Nb6 29. Rxc2 Rxc2 30. Qb4 1-0

[Event "IND-ch U11 20th"]
[Site "Chennai"]
[Date "2006.11.06"]
[Round "4"]
[White "Yashas, Devappa"]
[Black "Shashaank, DS."]
[Result "1-0"]
[WhiteElo "2023"]
[BlackElo "1956"]
[PlyCount "99"]
[EventDate "2006.11.04"]
[EventType "swiss"]
[EventRounds "11"]
[EventCountry "IND"]
[SourceTitle "EXT 2010"]
[Source "ChessBase"]
[SourceDate "2010.11.25"]
[SourceVersion "1"]
[SourceVersionDate "2010.11.25"]
[SourceQuality "1"]

1. e4 c5 2. Nf3 Nc6 3. Bb5 g6 4. Bxc6 bxc6 5. 0-0 Bg7 6. c3 d5 7. d3 e6 8. Qc2 Ne7 9. Be3 d4 10. Bd2 a5 11. Ne1 0-0 12. f4 Ba6 13. c4 f5 14. e5 Qb6 15. Nf3 Rfb8 16. Bc1 Bc8 17. h3 Bd7 18. Kh1 h6 19. Rg1 Kh7 20. Nbd2 Rg8 21. Nf1 Be8 22. Qf2 Bf7 23. Qh4 Bf8 24. Ng5+ Kg7 25. Nxf7 Kxf7 26. Qf6+ Ke8 27. Qxe6 Qc7 28. g4 Qd7 29. Qxd7+ Kxd7 30. Ng3 Ke6 31. Bd2 Rb8 32. Rgb1 a4 33. b3 axb3 34. axb3 Bg7 35. Ra5 Ra8 36. Rba1 Rxa5 37. Rxa5 Rb8 38. Ra3 g5 39. gxf5+ Nxf5 40. Ne4 gxf4 41. Nxc5+ Kf7 42. Ra7+ Kg6 43. Bxf4 Ne3 44. Kg1 Bf8 45. Nd7 Rd8 46. e6 Kf5 47. Nxf8 Kxf4 48. e7 Re8 49. Ne6+ Kf3 50. Ng7 1-0